Chargement en cours...

Linear Algebra&vector calculus

Détails bibliographiques
Auteur principal: Bhvanari Satyanarayana
Autres auteurs: Pradeep kumar,T.V
Format: Printed Book
Langue:Undetermined
Publié: NewDelhi : studera press , 2017
Sujets:
LEADER 00546nam a2200157Ia 4500
008 200324s9999 xx 000 0 und d
082 |a 512.5  |b BHA-L 
100 |a Bhvanari Satyanarayana 
245 0 |a Linear Algebra&vector calculus 
260 |a NewDelhi :  |b studera press ,  |c 2017 
300 |a 286p. 
650 |a linear algebra--calculus--vector analysis 
700 |a Pradeep kumar,T.V 
942 |c BK 
999 |c 289288  |d 289288 
952 |0 0  |1 0  |4 0  |6 512_500000000000000_BHAL  |7 0  |9 307822  |a SDE  |b SDE  |d 2019-02-12  |l 0  |o 512.5 BHA-L  |p SDE25588  |r 2020-03-27  |w 2020-03-27  |y BK